Christian-Muslim Dialogue, Theological and Practical Issues (Record no. 18063)

MARC details
000 -LEADER
fixed length control field 00799nam a2200277 a 4500
020 ## - INTERNATIONAL STANDARD BOOK NUMBER
ISBN 3906706
082 00 - DEWEY DECIMAL CLASSIFICATION NUMBER
Classification number 305.608097
Author Cutter LUT
100 ## - MAIN ENTRY--AUTHOR NAME
Author name Lutheran World Fedeeration,
245 ## - TITLE STATEMENT
Title Christian-Muslim Dialogue, Theological and Practical Issues
260 ## - PUBLICATION, DISTRIBUTION, ETC. (IMPRINT)
Place of publication Geneva
Name of publisher Lutheran World Federation
Year of publication 1998
300 ## - PHYSICAL DESCRIPTION
Number of Pages 391p
500 ## - GENERAL NOTE
General note includes index and biblioraphy
505 2# - FORMATTED CONTENTS NOTE
Formatted contents note Bibliography, Reference and Index
650 ## - SUBJECT ADDED ENTRY--TOPICAL TERM
Topical Term Islam-Relations Christianity
650 ## - SUBJECT ADDED ENTRY--TOPICAL TERM
Topical Term Interfaith Dialogue
650 ## - SUBJECT ADDED ENTRY--TOPICAL TERM
Topical Term Reconciliation-Interfaith Chri Musl
942 ## - ADDED ENTRY ELEMENTS (KOHA)
Koha item type Books
700 1# -
-- Miller, Roland
700 1# -
-- Hane A O
Holdings
Home library Current library Date acquired Cost, normal purchase price Full call number Accession Number Koha item type
Henry Martyn Institute Library Henry Martyn Institute Library 03/12/2010 100.00 305.608097 LUT 11000865 E-Books
                   Copyright © 2026 | Henry Martyn Institute | Hyderabad | TS-500052 | INDIA | Implemented by hmi.edu.in
Hit-Count:

Powered by Koha